| 000 | 00398nam a2200169Ia 4500 | ||
|---|---|---|---|
| 005 | 20140405082506.0 | ||
| 008 | 140130s9999 xx 000 0 und d | ||
| 050 |
_aPZ 7 _b.Sm642 2005 |
||
| 245 |
_cSmith, Roland _aCryptid hunters / |
||
| 260 |
_bScholastic, _c2005 |
||
| 300 |
_a348 p. : _c21 cm. |
||
| 440 |
_v1 _931174 |
||
| 521 | _aG5 | ||
| 526 | _c750 | ||
| 942 |
_cBK _2lcc |
||
| 999 |
_c41085 _d41085 |
||